Longest Rivers - Statistics

General Stats
  • This quiz has been taken 26 times
  • The average score is 6 of 10
Answer Stats
Continent River % Correct
South America Amazon
96%
Africa Nile
96%
Africa Congo
83%
Asia Yellow
83%
Asia Yangtze
78%
Asia Lena
65%
Asia Amur
43%
North America Mississippi-Missouri
26%
Asia Ob-Irtysh
17%
Asia Yenisey-Angara
4%
No matching quizzes found
Score Distribution
Percent of People with Each Score
Percentile by Number Answered
Your Score History
You have not taken this quiz